Statistics for Europe's 10 Driest Major Cities

Click here to take the quiz!

General Stats

  • This quiz has been taken 49 times
  • The average score is 4 of 10

Answer Stats

precip inches preci mm city % Correct
17.2436Madrid
96%
14.4365Athens
87%
20.7526Prague
44%
18.7474Skopje
40%
20.3515Warsaw
40%
20.3515Marseille
40%
18.3464Odessa
16%
20.6523Copenhagen
16%
15.9403Volgograd
11%
20.7525Kharkiv
9%

Score Distribution

Percentile by Number Answered

Percent of People with Each Score

Your Score History

You have not taken this quiz